|
|
|
|
| LEADER |
01206nam a2200301 a 4500 |
| 001 |
30878 |
| 003 |
BD-DhAAL |
| 005 |
20160203154230.0 |
| 008 |
100216t2011 nju b 001 0 eng d |
| 010 |
|
|
|a 80930155
|
| 020 |
|
|
|a 9781412818551
|
| 040 |
|
|
|a DLC
|c DLC
|d DLC
|d BD-DhAAL
|
| 082 |
0 |
0 |
|a 340.5/9
|2 19
|
| 100 |
1 |
|
|a Coulson, Noel J.
|9 15537
|
| 245 |
1 |
2 |
|a A history of Islamic law /
|c by N.J. Coulson.
|
| 260 |
|
|
|a New Jersy :
|a New Brundswick :
|b Aldine Transaction,
|c 2011
|
| 300 |
|
|
|a 264 p. ;
|c 24 cm.
|
| 500 |
|
|
|a "Glossary of Arabic legal terms": p. 122-125.
|
| 504 |
|
|
|a Includes Bibliography (p. 227-247)
|
| 526 |
|
|
|a SOL
|
| 541 |
1 |
|
|e 30878
|
| 650 |
|
0 |
|a Islamic law
|x History.
|9 15538
|
| 700 |
1 |
|
|d 1935-
|9 15539
|
| 852 |
4 |
|
|a Ayesha Abed Library
|j General shelf
|
| 942 |
|
|
|2 ddc
|c BK
|
| 999 |
|
|
|c 35831
|d 35831
|
| 952 |
|
|
|0 0
|1 0
|2 ddc
|4 0
|6 340_500000000000000_9_COU
|7 0
|9 57729
|a BRACUL
|b BRACUL
|c GEN
|d 2016-01-21
|e 38
|g 3680.00
|l 5
|m 28
|o 340.59 COU
|p 3010030878
|r 2025-06-21
|s 2025-05-06
|t 1
|v 3680.00
|w 2016-01-21
|y BK
|
| 952 |
|
|
|0 0
|1 0
|2 ddc
|4 0
|6 340_500000000000000_9_COU
|7 0
|9 57730
|a BRACUL
|b BRACUL
|c GEN
|d 2016-01-21
|e 38
|g 3680.00
|l 5
|m 10
|o 340.59 COU
|p 3010030879
|r 2026-03-01
|s 2026-01-15
|t 2
|v 3680.00
|w 2016-01-21
|y BK
|